zpět

Detail výsledku týmu

Kozlovka, Hradec Králové

Datum a čas kvízu

45 Celkem bodů Celkový počet nahraných bodů na tomto kvízu bez doplňovacích otázek.
2. Pořadí na kvízu Konečné umístění týmu na tomto kvízu.

Zaznamenané odpovědi

# Otázka Odpověď Body Výsledky
1. Místopředsedou které důležité... Ústavního soudu 1
2. Tři zloději v Peru si chtěli v... všechny boty byly na jednu nohu 1
3. Který hvězdný herec narozený r... Russell Crowe 1
4. Která v Česku podnikající spol... Škoda Auto 0
5. Ester Ledecké zřejmě dvě sport... biatlon 0
6. Květnové kalendárium začneme o... Litoměřice 1
7. Dne 11. května 1960 byl izrael... v Argentině 1
8. Jak se jmenuje tato žena, jež... Cate Blanchett 1
9. Dne 19. května vynalezl Maďar... 1974 1
10. Dne 29. května 1886 byla v den... Coca-Colu 1